00299nam a2200097Ia 4500008004100000020001800041082001800059100001700077245006000094260004700154190415s9999 xx 000 0 und d a81-214-0670-6 a330.954 PRA-I aPrasad, K.N; 0aIndian economy since independence : a 50 years' profile aNew DelhibNational Publishing Housec1997